00983cam a22002893a 4500001000400000003000600004005001700010008004100027010001700068035002300085040003500108050001400143082001000157100003900167245006200206260003100268300002900299500002500328505000600353520013100359521001800490521001800508650005600526655003100582700001800613710006200631318FISKH20240207104648.0970723t19971981nyua j 000 1 eng d a 97817461  a(OCoLC)ocm37344370 aAZDcAZDdOCLdDLCdFISKHbeng00aPZ7.A953  2813.60 aAvid1937-qWortis, Edward Irving 10aWho stole the Wizard of Oz? /cillustrated by Derek James aNew YorkbScholasticc2001 a116 p. :bill. ;c20 cm. a"A Knopf paperback." aH aBecky and her brother use some ingenious clues to identify the person who stole five children's books from the town's library.8 a520 bLexile8 aH bRaz-Plus 0aDetective and mystery storiesvJuvenile literature. 7aYoung adult fiction.2lcsh1 aJames, Derek.2 aCopyright Paperback Collection (Library of Congress)5DLC